| 000 | 00919nam2a2200253 4500 | ||
|---|---|---|---|
| 001 | RU\NLR\bibl\1651998 | ||
| 005 | 20250616033743.0 | ||
| 010 |
_a978-5-699-41735-3 _98100 |
||
| 021 |
_aRU _b2010-1570и _9145и |
||
| 035 | _a(NLR Aleph) 001643317 | ||
| 090 |
_a875712 _c875712 |
||
| 100 | _a20100705d2010 |||y0rusy50 ca | ||
| 101 | 1 |
_arus _cund |
|
| 102 | _aRU | ||
| 105 | _aa ||||||||| | ||
| 200 | 1 | _aЖемчуг дракона в опасности | |
| 210 |
_d2010 _aБ. м. |
||
| 215 |
_a189, [2] с. _cил. |
||
| 461 | 0 |
_1001RU\NLR\bibl\1686792 _12001#$aЖемчуг дракона$vКн. 2 _91082978 _cМосква _d2010 _fАкира Торияма [текст и рис. _lDragon ball _nЭксмо _o[манга в оригинальном формате] _tЖемчуг дракона _vКн. 2 |
|
| 801 | 0 |
_aRU _bNLR _c20100705 _gRCR |
|
| 801 | 1 |
_aRU _bNLR _c20100705 |
|
| 942 | _cBOOK | ||
| 980 | _aNB | ||